| 000 | 00495nam a2200193 a 4500 | ||
|---|---|---|---|
| 001 | 1770366453388 | ||
| 003 | YourLibrary | ||
| 005 | 20260206135857.0 | ||
| 008 | 260206s2005##################000#0#eng## | ||
| 020 | _a9780743247467 | ||
| 082 | 0 | 4 |
_a306.3 _bBAK |
| 100 | 1 |
_aBakan, Joel, _eauthor. |
|
| 245 | 1 | 0 | _aThe Corporation : |
| 260 |
_bSimon and Schuster, _c2005. |
||
| 300 | _a242 pages | ||
| 650 | 0 | _aBusiness & Economics. | |
| 942 | _cENGLISH | ||
| 040 |
_aYourLibrary _beng _cYourLibrary |
||
| 999 |
_c610631 _d610631 |
||